Commodities and commodity derivatives : Modeling and Pricing for Agriculturals, Metals and Energy

Αποθηκεύτηκε σε:
Λεπτομέρειες βιβλιογραφικής εγγραφής
Κύριος συγγραφέας: Geman, Helyette
Μορφή: Βιβλίο
Γλώσσα:Undetermined
Έκδοση: Chichester John Wiley & Sons, Ltd 2005
Θέματα:
Ετικέτες: Προσθήκη ετικέτας
Δεν υπάρχουν, Καταχωρήστε ετικέτα πρώτοι!
Thư viện lưu trữ: Trung tâm Học liệu Trường Đại học Cần Thơ
LEADER 00596nam a2200205Ia 4500
001 CTU_93274
008 210402s9999 xx 000 0 und d
020 |c 108.59 
082 |a 332.6328 
082 |b G322 
100 |a Geman, Helyette 
245 0 |a Commodities and commodity derivatives : 
245 0 |b Modeling and Pricing for Agriculturals, Metals and Energy 
245 0 |c Helyette Geman 
260 |a Chichester 
260 |b John Wiley & Sons, Ltd 
260 |c 2005 
650 |a Commondity futures 
904 |i Năm,Hải 
980 |a Trung tâm Học liệu Trường Đại học Cần Thơ